Elfajzott világ, elfajzott test a zsidó és az elzsidósodott világ fiziognómiája a középkor vizualitásában /
Elmentve itt :
| Szerző: | |
|---|---|
| Dokumentumtípus: | Könyv része |
| Megjelent: |
Szeged Humanities Press
Szeged
2024
|
| Sorozat: | Litterae Humaniores
2 Entartete Kunst, avagy az elfajzott művészet : tanulmányok Max Nordau halálának századik évfordulója alkalmából 2 |
| Kulcsszavak: | Zsidók ábrázolása, Művészettörténet |
| Tárgyszavak: | |
| Online Access: | http://acta.bibl.u-szeged.hu/86409 |
| LEADER | 01048naa a2200229 i 4500 | ||
|---|---|---|---|
| 001 | acta86409 | ||
| 005 | 20250210115417.0 | ||
| 008 | 250210s2024 hu o 000 hun d | ||
| 020 | |a 978-963-688-018-7 | ||
| 022 | |a 3057-9929 | ||
| 040 | |a SZTE Egyetemi Kiadványok Repozitórium |b hun | ||
| 041 | |a hun | ||
| 100 | 1 | |a Gábor György | |
| 245 | 1 | 0 | |a Elfajzott világ, elfajzott test |h [elektronikus dokumentum] : |b a zsidó és az elzsidósodott világ fiziognómiája a középkor vizualitásában / |c Gábor György |
| 260 | |a Szeged Humanities Press |b Szeged |c 2024 | ||
| 300 | |a 273-298 | ||
| 490 | 0 | |a Litterae Humaniores |v 2 | |
| 490 | 0 | |a Entartete Kunst, avagy az elfajzott művészet : tanulmányok Max Nordau halálának századik évfordulója alkalmából |v 2 | |
| 650 | 4 | |a Bölcsészettudományok | |
| 650 | 4 | |a Művészetek (művészetek, művészettörténet, előadóművészetek, zene) | |
| 695 | |a Zsidók ábrázolása, Művészettörténet | ||
| 856 | 4 | 0 | |u http://acta.bibl.u-szeged.hu/86409/1/litterae_humaniores_002_273-298.pdf |z Dokumentum-elérés |